000 00367nam a2200145Ia 4500
008 230711s9999||||xx |||||||||||||| ||und||
041 _aENG
082 _a4
_bSI-C
100 _aSingh,S K
245 0 _aComputer aided process control
250 _a1st Ed.
260 _c2003
_aNew Delhi
_bPHI Learning Private Limited
650 _aElectrical Engineering
942 _cBK
999 _c4060
_d4060